မဟာဗုဒ္ဓဝင်ကွက်စိပ်ဇာတ်ထုပ်များနှင့် ဒဂုဏ်ဆရာညွှန့် / (Record no. 26993)

000 -LEADER
fixed length control field 01137nam a22001937a 4500
005 - DATE AND TIME OF LATEST TRANSACTION
control field 20241007144947.0
008 - FIXED-LENGTH DATA ELEMENTS--GENERAL INFORMATION
fixed length control field 230710b ||||| |||| 00| 0 eng d
040 ## - CATALOGING SOURCE
Transcribing agency SSBUL
Modifying agency SSBUL
082 ## - DEWEY DECIMAL CLASSIFICATION NUMBER
Edition number 23
Classification number ၂၉၄.၃၃၆၈ မင်း
Item number ၁၅၁၄၂ (S-KM)
100 0# - MAIN ENTRY--PERSONAL NAME
Personal name မင်းသျှင်အောင်၊
Miscellaneous information (တွံတေး)။
9 (RLIN) 27699
245 10 - TITLE STATEMENT
Title မဟာဗုဒ္ဓဝင်ကွက်စိပ်ဇာတ်ထုပ်များနှင့် ဒဂုဏ်ဆရာညွှန့် /
Statement of responsibility, etc. မင်းသျှင်အောင်(တွံတေး)။
260 ## - PUBLICATION, DISTRIBUTION, ETC.
Place of publication, distribution, etc. ရန်ကုန်၊
Name of publisher, distributor, etc. စာပေဗိမာန်၊
Date of publication, distribution, etc. ၂၀၀၅။
300 ## - PHYSICAL DESCRIPTION
Extent ၂၅၉ စာမျက်နှာ၊
Dimensions ၂၄ စင်တီ။
500 ## - GENERAL NOTE
General note S-KM: Ashin Khemacara (Hsipaw) <br/>S-SAT: Dr. Sai Aung Tun
504 ## - BIBLIOGRAPHY, ETC. NOTE
Linkage ကျမ်းကိုးစာရင်းပါဝင်သည်။
650 ## - SUBJECT ADDED ENTRY--TOPICAL TERM
Topical term or geographic name entry element ဗုဒ္ဓဝင်။
General subdivision ကွက်စိပ်ဇာတ်ထုတ်များ
9 (RLIN) 7377
Topical term or geographic name entry element မြန်မာ့ကွက်စိပ်ပညာ
9 (RLIN) 54923
942 ## - ADDED ENTRY ELEMENTS (KOHA)
Source of classification or shelving scheme
Koha item type Book (Short term)
Edition 23
Holdings
Withdrawn status Lost status Source of classification or shelving scheme Damaged status Not for loan Collection code Permanent Location Current Location Shelving location Date acquired Total Checkouts Full call number Barcode Date last seen Price effective from Koha item type Accession
          Special Collections Shan State Buddhist University Library Shan State Buddhist University Library Special Collection Shelves 10/07/2023   ၂၉၄.၃၃၆၈ မင်း ၁၅၁၄၂ (S-KM) MB00015142 10/07/2023 10/07/2023 Book (Short term) ၁၅၁၄၂ (S-KM)
          Special Collections Shan State Buddhist University Library Shan State Buddhist University Library Special Collection Shelves 10/07/2023   ၂၉၄.၃၃၆၈ မင်း ၉၂၀၃ S-SAT MB00009203 07/10/2024 10/07/2023 Book (Short term) ၉၂၀၃ S-SAT

Library - 09407999929
Admin Office - 09407999979
Dean Office - 09250910768
Registrar Office - 09892297154
Email - [email protected]
Shan State Buddhist University, Phaya Phyu Taunggyi, Shan State, Myanmar.